Normal view
MARC view
- Cohen, Lawrence J.
Entry Personal Name
001 - CONTROL NUMBER
- control field: 7780
003 - CONTROL NUMBER IDENTIFIER
- control field: NUST
005 - DATE AND TIME OF LATEST TRANSACTION
- control field: 20171228111635.0
008 - FIXED-LENGTH DATA ELEMENTS
- fixed length control field: 171228|| aca||aabn | a|a d
040 ## - CATALOGING SOURCE
- Original cataloging agency: NUST
- Transcribing agency: NUST
100 ## - HEADING--PERSONAL NAME
- Personal name: Cohen, Lawrence J.
- Titles and other words associated with a name: (Child psychologist)
670 ## - SOURCE DATA FOUND
- Source citation: Work cat.: (NUST)0: Thompson, Michael, 1947- 7775, Mom, they're teasing me :, 2002.
